[Event "15th Deltalift Open 2018"]
[Site "Halmstad"]
[Date "2018.05.10"]
[Round "2"]
[White "Stray, Gunnar"]
[Black "Akesson, Ralf"]
[Result "0-1"]
[WhiteElo "2051"]
[BlackElo "2392"]
[Annotator "ChessBase"]
[PlyCount "100"]
[EventDate "2018.??.??"]
[EventType "swiss"]
[EventCountry "SWE"]
[SourceTitle "playchess.com"]
[Source "ChessBase"]
[SourceQuality "1"]
[TimeControl "1800+12"]

1. d4 {[%emt 0:00:16]} Nf6 {[%emt 0:00:16]} 2. Nf3 {[%emt 0:00:09]} g6 {[%emt 0:00:47]} 3. g3 {[%emt 0:00:06]} c5 {[%emt 0:01:54]} 4. d5 {[%emt 0:00:40]} d6 {[%emt 0:01:48]} 5. Bg2 {[%emt 0:00:12]} b5 {[%emt 0:00:59]} 6. O-O {[%emt 0:00:11]} Nbd7 {[%emt 0:01:55]} 7. Re1 {[%emt 0:00:25]} Bg7 {[%emt 0:00:25]} 8. e4 {[%emt 0:00:03]} O-O {[%emt 0:00:04]} 9. a4 {[%emt 0:00:05]} b4 {[%emt 0:00:16]} 10. c4 {[%emt 0:02:13]} Ne8 {[%emt 0:01:50]} 11. Nbd2 {[%emt 0:00:42]} a5 {[%emt 0:00:18]} 12. Rb1 {[%emt 0:00:14]} Ra7 {[%emt 0:00:09]} 13. b3 e5 {[%emt 0:00:13]} 14. Nf1 {[%emt 0:01:26]} h6 {[%emt 0:00:29]} 15. Qc2 {[%emt 0:06:22]} Kh7 {[%emt 0:00:53]} 16. h4 {[%emt 0:01:24]} Ndf6 {[%emt 0:00:21]} 17. N3h2 {[%emt 0:00:30]} Nh5 {[%emt 0:00:09]} 18. Bf3 {[%emt 0:00:19]} f5 {[%emt 0:00:27]} 19. exf5 {[%emt 0:00:45]} Bxf5 {[%emt 0:00:05]} 20. Be4 {[%emt 0:00:02]} Raf7 {[%emt 0:01:00]} 21. Re2 {[%emt 0:03:07]} Qd7 {[%emt 0:03:41]} 22. Ne3 Bxe4 {[%emt 0:00:19]} 23. Qxe4 {[%emt 0:00:02]} Nf4 {[%emt 0:02:38]} 24. gxf4 {[%emt 0:01:07]} Rxf4 {[%emt 0:00:29]} 25. Qg2 {[%emt 0:00:40]} Nf6 {[%emt 0:00:16]} 26. Nef1 {[%emt 0:00:26]} Rxh4 {[%emt 0:00:07]} 27. Ng3 {[%emt 0:05:21]} Nh5 {[%emt 0:00:31]} 28. Ne4 {[%emt 0:02:56]} Rff4 {[%emt 0:01:17]} 29. f3 {[%emt 0:01:13]} Rf8 {[%emt 0:01:31]} 30. Bd2 {[%emt 0:00:47]} Nf4 {[%emt 0:00:19]} 31. Bxf4 {[%emt 0:00:09]} exf4 {[%emt 0:00:04]} 32. Kf1 {[%emt 0:01:13]} Bd4 {[%emt 0:01:46]} 33. Ke1 {[%emt 0:00:19]} Rf5 {[%emt 0:00:57]} 34. Kd2 {[%emt 0:00:16]} Rfh5 {[%emt 0:00:32]} 35. Rg1 {[%emt 0:00:06]} Qg7 {[%emt 0:00:43]} 36. Ng4 {[%emt 0:00:17]} Rf5 {[%emt 0:01:35]} 37. Rh1 {[%emt 0:00:08]} Rxh1 {[%emt 0:00:55]} 38. Qxh1 {[%emt 0:00:01]} h5 {[%emt 0:00:45]} 39. Nxd6 Be3+ {[%emt 0:00:23]} 40. Nxe3 {[%emt 0:00:16]} Qc3+ {[%emt 0:01:22]} 41. Kd1 {[%emt 0:00:05]} Qa1+ {[%emt 0:00:08]} 42. Kc2 {[%emt 0:00:11]} Qxh1 {[%emt 0:00:10]} 43. Ndxf5 {[%emt 0:00:41]} Qxf3 {[%emt 0:00:32]} 44. Re1 {[%emt 0:00:12]} gxf5 {[%emt 0:00:26]} 45. Nd1 {[%emt 0:00:49]} Qg2+ {[%emt 0:00:15]} 46. Kd3 {[%emt 0:00:16]} Qg3+ {[%emt 0:00:30]} 47. Kd2 {[%emt 0:00:07]} f3 {[%emt 0:00:02]} 48. Rf1 {[%emt 0:00:13]} Qf4+ {[%emt 0:00:17]} 49. Ke1 {[%emt 0:01:01]} Qe4+ {[%emt 0:00:06]} 50. Kf2 {[%emt 0:00:22]} Qe2+ {[%emt 0:00:03]} 0-1

[Event "15th Deltalift Open 2018"]
[Site "Halmstad"]
[Date "2018.05.10"]
[Round "2"]
[White "Karlsson, Jorgen"]
[Black "Arman, Deniz"]
[Result "0-1"]
[WhiteElo "2029"]
[BlackElo "2367"]
[Annotator "NA"]
[PlyCount "64"]
[EventDate "2018.??.??"]
[EventType "swiss"]
[EventCountry "SWE"]
[SourceTitle "playchess.com"]
[Source "ChessBase"]
[SourceQuality "1"]
[TimeControl "1800+12"]

1. d4 {[%emt 0:00:10]} Nf6 {[%emt 0:00:17]} 2. Bf4 {[%emt 0:00:10]} g6 {[%emt 0:00:10]} 3. Nc3 {[%emt 0:00:12]} Bg7 {[%emt 0:00:10]} 4. e4 {[%emt 0:01:49]} d6 {[%emt 0:00:06]} 5. Qd2 {[%emt 0:00:49]} a6 {[%emt 0:00:09]} 6. Nf3 {[%emt 0:05:13]} b5 {[%emt 0:00:39]} 7. a3 {[%emt 0:00:25]} Bb7 {[%emt 0:00:25]} 8. Bd3 {[%emt 0:00:08]} c5 {[%emt 0:00:22]} 9. d5 {[%emt 0:00:42]} O-O {[%emt 0:05:55]} 10. O-O {[%emt 0:01:49]} Re8 {[%emt 0:00:38]} 11. Rfe1 {[%emt 0:00:15]} Nbd7 {[%emt 0:00:12]} 12. h3 Nb6 {[%emt 0:03:01]} 13. Rad1 {[%emt 0:00:14]} e6 {[%emt 0:01:00]} 14. dxe6 {[%emt 0:00:24]} Rxe6 {[%emt 0:00:01]} 15. Ng5 {[%emt 0:02:33]} Re7 {[%emt 0:02:16]} 16. e5 dxe5 17. Bxe5 {[%emt 0:00:15]} c4 {[%emt 0:00:50]} 18. Bxg6 {[%emt 0:01:31]} Qxd2 {[%emt 0:00:11]} 19. Bxf7+ {[%emt 0:00:03]} Rxf7 {[%emt 0:00:10]} 20. Rxd2 {[%emt 0:00:01]} Re7 {[%emt 0:00:24]} 21. f4 {[%emt 0:01:40]} Nfd5 {[%emt 0:02:40]} 22. Nge4 {[%emt 0:03:39]} Nxc3 {[%emt 0:00:34]} 23. Nxc3 {[%emt 0:00:04]} Rae8 {[%emt 0:00:38]} 24. Rde2 {[%emt 0:00:02]} Bxe5 {[%emt 0:00:39]} 25. fxe5 {[%emt 0:00:54]} Nd7 {[%emt 0:00:01]} 26. Rd1 {[%emt 0:02:28]} Nxe5 {[%emt 0:00:16]} 27. Red2 {[%emt 0:00:14]} Rg7 {[%emt 0:00:11]} 28. Kh2 {[%emt 0:00:06]} Kh8 {[%emt 0:01:14]} 29. Nd5 {[%emt 0:00:03]} Reg8 {[%emt 0:01:04]} 30. Nf4 {[%emt 0:00:06]} Rf7 {[%emt 0:00:45]} 31. Ne6 {[%emt 0:00:33]} Rf6 {[%emt 0:01:10]} 32. Nc5 {[%emt 0:00:02]} Bc6 {[%emt 0:00:02]} 0-1

[Event "15th Deltalift Open 2018"]
[Site "Halmstad"]
[Date "2018.05.10"]
[Round "2"]
[White "Andersson, Lars"]
[Black "Malmstig, Erik"]
[Result "0-1"]
[WhiteElo "2028"]
[BlackElo "2339"]
[Annotator "NA"]
[PlyCount "109"]
[EventDate "2018.??.??"]
[EventType "swiss"]
[EventCountry "SWE"]
[SourceTitle "playchess.com"]
[Source "ChessBase"]
[SourceQuality "1"]
[TimeControl "1800+12"]

1. f4 {[%emt 0:00:09]} d5 {[%emt 0:01:18]} 2. Nf3 {[%emt 0:00:05]} Nc6 {[%emt 0:01:18]} 3. e3 {[%emt 0:00:09]} a6 {[%emt 0:00:47]} 4. b3 {[%emt 0:00:19]} f6 {[%emt 0:00:55]} 5. Bb2 {[%emt 0:01:47]} Bg4 {[%emt 0:00:34]} 6. c4 {[%emt 0:02:51]} e6 {[%emt 0:02:10]} 7. h3 {[%emt 0:00:39]} Bh5 {[%emt 0:00:26]} 8. Be2 {[%emt 0:04:40]} Nge7 {[%emt 0:01:40]} 9. O-O {[%emt 0:00:48]} Bf7 {[%emt 0:00:26]} 10. g4 {[%emt 0:00:19]} h5 {[%emt 0:01:38]} 11. g5 {[%emt 0:00:07]} Nf5 {[%emt 0:00:20]} 12. Bd3 {[%emt 0:03:46]} Ng3 {[%emt 0:03:25]} 13. Rf2 {[%emt 0:00:06]} Nb4 {[%emt 0:00:23]} 14. Bf1 {[%emt 0:03:49]} Nxf1 {[%emt 0:01:16]} 15. Rxf1 {[%emt 0:00:07]} Nd3 {[%emt 0:02:32]} 16. Bc3 {[%emt 0:03:17]} Be7 {[%emt 0:00:44]} 17. Qe2 {[%emt 0:01:32]} dxc4 {[%emt 0:03:14]} 18. bxc4 {[%emt 0:00:18]} Qd7 {[%emt 0:01:27]} 19. Bd4 {[%emt 0:03:00]} Nb4 {[%emt 0:00:31]} 20. a3 {[%emt 0:01:18]} Nc6 {[%emt 0:02:05]} 21. Bc3 {[%emt 0:01:06]} e5 {[%emt 0:01:46]} 22. d4 {[%emt 0:04:07]} Qxh3 {[%emt 0:04:34]} 23. fxe5 {[%emt 0:00:16]} fxg5 {[%emt 0:00:30]} 24. d5 {[%emt 0:00:23]} Na7 {[%emt 0:00:15]} 25. Qg2 {[%emt 0:00:31]} Qxg2+ {[%emt 0:00:30]} 26. Kxg2 {[%emt 0:00:01]} Bg6 {[%emt 0:00:04]} 27. Nbd2 {[%emt 0:00:16]} O-O {[%emt 0:00:23]} 28. Nd4 {[%emt 0:00:13]} Rxf1 {[%emt 0:00:25]} 29. Rxf1 {[%emt 0:00:01]} Bxa3 {[%emt 0:00:10]} 30. Ne6 {[%emt 0:00:14]} g4 {[%emt 0:00:44]} 31. Nxc7 {[%emt 0:00:26]} Rc8 {[%emt 0:00:03]} 32. Ne6 {[%emt 0:02:23]} h4 {[%emt 0:00:19]} 33. d6 {[%emt 0:00:23]} Nc6 {[%emt 0:00:27]} 34. d7 {[%emt 0:00:10]} Ra8 {[%emt 0:00:05]} 35. Nc7 {[%emt 0:00:19] [#]} Rd8 {[%emt 0:00:20]} (35... Rf8 $1 $17 36. Ra1 Be7) 36. e6 {[%emt 0:00:06]} Bd6 $2 {[%emt 0:00:12]} (36... Rf8 $1 $15 {keeps the upper hand.} 37. Nd5 h3+ 38. Kg3 Rxf1 39. Nxf1 Kf8 40. Kxg4 Bd3) 37. Nd5 {[%emt 0:00:34]} h3+ {[%emt 0:00:09]} 38. Kg1 {[%emt 0:00:04]} g3 {[%emt 0:00:14]} 39. Bd4 {[%emt 0:00:25]} b5 {[%emt 0:03:00]} 40. Bb6 {[%emt 0:00:12]} Ra8 {[%emt 0:00:37]} 41. c5 {[%emt 0:00:07]} Be5 $2 {[%emt 0:00:48]} (41... Bf8 42. Rf3 a5) 42. e7 {[%emt 0:00:21]} Bf7 {[%emt 0:01:01]} 43. Nc7 $2 {[%emt 0:00:43]} (43. Ne4 h2+ 44. Kg2) 43... Bxc7 {[%emt 0:01:25]} 44. Bxc7 {[%emt 0:00:04]} Nxe7 {[%emt 0:00:02]} 45. d8=Q+ {[%emt 0:00:11]} Rxd8 {[%emt 0:00:05]} 46. Bxd8 {[%emt 0:00:02]} Nc6 {[%emt 0:00:34]} 47. Bc7 {[%emt 0:00:05]} g2 {[%emt 0:00:17]} 48. Rf3 {[%emt 0:00:55]} Be6 $18 {[%emt 0:00:18]} (48... a5 $142 49. Rxh3 a4 50. Kxg2 b4) 49. Kh2 {[%emt 0:00:38]} b4 {[%emt 0:00:08]} 50. Ne4 {[%emt 0:00:22]} b3 {[%emt 0:00:23]} 51. Nc3 {[%emt 0:00:07]} a5 {[%emt 0:00:29]} 52. Rf2 {[%emt 0:00:04]} Nb4 {[%emt 0:00:37]} 53. Bxa5 {[%emt 0:00:23]} Nd3 {[%emt 0:00:02]} 54. Rd2 {[%emt 0:00:22]} Ne5 {[%emt 0:00:08]} 55. Rf2 {[%emt 0:00:16]} 0-1

[Event "15th Deltalift Open 2018"]
[Site "Halmstad"]
[Date "2018.05.10"]
[Round "2"]
[White "Goransson, Martin"]
[Black "Rydstrom, Tom"]
[Result "0-1"]
[WhiteElo "2025"]
[BlackElo "2324"]
[Annotator "NA"]
[PlyCount "86"]
[EventDate "2018.??.??"]
[EventType "swiss"]
[EventCountry "SWE"]
[SourceTitle "playchess.com"]
[Source "ChessBase"]
[SourceQuality "1"]
[TimeControl "1800+12"]

1. c4 {[%emt 0:00:05]} e5 {[%emt 0:01:34]} 2. g3 {[%emt 0:00:23]} Nc6 {[%emt 0:01:41]} 3. Nc3 {[%emt 0:00:20]} f5 {[%emt 0:05:07]} 4. Nf3 {[%emt 0:00:03]} Nf6 {[%emt 0:00:02] A27: English Opening: Three Knights Variation} (4... d6 5. d4 e4 6. d5 Ne5 7. Nxe5 dxe5 8. g4 g6 9. gxf5 gxf5 10. Rg1 Nf6 11. Bg5 Be7 12. e3 Rg8 {1-0 (27) Aronian,L (2793)-Ivanchuk,V (2738) Leuven 2017}) 5. d4 {[%emt 0:00:12]} e4 {[%emt 0:00:10]} 6. Nh4 {[%emt 0:00:06]} g6 {[%emt 0:00:53]} 7. Bg5 {[%emt 0:01:43]} Be7 {[%emt 0:01:51]} 8. e3 {[%emt 0:08:49]} Kf7 {[%emt 0:01:48]} 9. Be2 $146 {[%emt 0:00:58]} ({Predecessor:} 9. Ng2 h6 10. Bxf6 Bxf6 11. g4 d6 12. Nf4 {0-1 (25) Doyle,H (1920)-Murray,D (2141) Bunratty 2013}) 9... h6 {[%emt 0:00:20]} 10. Bxf6 {[%emt 0:00:09]} Bxf6 {[%emt 0:00:02]} 11. Ng2 {[%emt 0:00:02]} g5 {[%emt 0:02:47]} 12. f3 {[%emt 0:03:32]} exf3 {[%emt 0:04:00]} 13. Bxf3 {[%emt 0:00:02]} d6 {[%emt 0:00:24]} 14. O-O {[%emt 0:01:55]} Rf8 {[%emt 0:05:08]} 15. Be2 {[%emt 0:01:50]} Kg8 {[%emt 0:00:01]} 16. Bd3 {[%emt 0:00:10]} Bg7 {[%emt 0:00:02]} 17. Nd5 {[%emt 0:01:07]} Ne7 {[%emt 0:02:55]} 18. Qc2 {[%emt 0:00:13]} c5 {[%emt 0:00:46]} 19. dxc5 {[%emt 0:00:53]} dxc5 {[%emt 0:00:08]} 20. Rad1 {[%emt 0:00:12]} Kh8 {[%emt 0:02:21]} 21. Nxe7 {[%emt 0:04:05]} Qxe7 {[%emt 0:00:02]} 22. Bxf5 {[%emt 0:00:08]} Bxf5 {[%emt 0:03:44]} 23. Rxf5 {[%emt 0:00:02]} Rxf5 {[%emt 0:00:20]} 24. Qxf5 {[%emt 0:00:02]} Rf8 {[%emt 0:00:01]} 25. Qd5 {[%emt 0:03:00]} Bxb2 {[%emt 0:00:55]} 26. Rb1 {[%emt 0:00:19]} Qf6 {[%emt 0:00:42]} 27. Qd2 {[%emt 0:00:02]} Bc3 {[%emt 0:00:03]} 28. Qe2 {[%emt 0:00:23]} b6 {[%emt 0:00:04]} 29. Rf1 {[%emt 0:00:31]} Qe7 {[%emt 0:01:04]} 30. h4 {[%emt 0:01:25]} Bg7 {[%emt 0:00:17]} 31. hxg5 {[%emt 0:00:22]} Qxg5 {[%emt 0:00:07]} 32. Rxf8+ {[%emt 0:00:25]} Bxf8 {[%emt 0:00:02]} 33. Qf3 {[%emt 0:00:06]} Qg7 {[%emt 0:02:33]} 34. Nf4 {[%emt 0:00:16]} Qa1+ {[%emt 0:01:00]} 35. Kg2 {[%emt 0:00:02]} Qxa2+ {[%emt 0:00:14]} 36. Kh3 {[%emt 0:00:01]} Qc2 {[%emt 0:00:06]} 37. Ne6 {[%emt 0:01:47]} Bg7 $1 {[%emt 0:00:42]} 38. Nxg7 {[%emt 0:01:07]} Kxg7 {[%emt 0:00:04]} 39. Qg4+ {[%emt 0:00:01]} Qg6 {[%emt 0:00:28]} 40. Qd7+ {[%emt 0:00:10]} Qf7 {[%emt 0:00:02]} 41. Qg4+ {[%emt 0:00:02]} Kf8 {[%emt 0:01:20]} (41... Kh8) 42. Qc8+ {[%emt 0:00:14]} Qe8 {[%emt 0:00:15]} 43. Qf5+ {[%emt 0:00:10]} Qf7 $11 {[%emt 0:00:06]} 0-1

[Event "15th Deltalift Open 2018"]
[Site "Halmstad"]
[Date "2018.05.10"]
[Round "2"]
[White "Mattsson, Michael"]
[Black "Lindh, Fredrik"]
[Result "0-1"]
[WhiteElo "2020"]
[BlackElo "2296"]
[Annotator "NA"]
[PlyCount "108"]
[EventDate "2018.??.??"]
[EventType "swiss"]
[EventCountry "SWE"]
[SourceTitle "playchess.com"]
[Source "ChessBase"]
[SourceQuality "1"]
[TimeControl "1800+12"]

1. e4 {[%emt 0:00:07]} c5 {[%emt 0:00:09]} 2. Nf3 {[%emt 0:01:33]} Nc6 {[%emt 0:00:09]} 3. Bb5 {[%emt 0:00:19]} g6 {[%emt 0:00:34]} 4. Bxc6 {[%emt 0:00:35]} bxc6 {[%emt 0:00:10]} 5. O-O {[%emt 0:02:31]} Bg7 {[%emt 0:00:19]} 6. Re1 {[%emt 0:02:47]} d6 {[%emt 0:01:10]} 7. h3 {[%emt 0:00:04] B31: Sicilian: 2...Nc6 3 Bb5 g6} Nh6 {[%emt 0:00:05]} 8. d3 {[%emt 0:01:41]} O-O {[%emt 0:01:16]} 9. Nc3 {[%emt 0:00:12]} f6 {[%emt 0:01:35]} (9... e5 10. a3 f5 11. b4 cxb4 12. axb4 Nf7 13. Bd2 d5 14. Qb1 fxe4 15. dxe4 d4 16. Na4 g5 17. Nc5 g4 18. hxg4 Bxg4 {½-½ (58) Grigoriants,S (2576)-Nakamura,H (2786) chess.com INT 2017}) 10. Be3 {[%emt 0:00:43]} Nf7 {[%emt 0:00:05]} 11. Qd2 {[%emt 0:00:25]} e5 {[%emt 0:00:42]} 12. Nh2 {[%emt 0:03:59]} f5 {[%emt 0:03:25]} 13. f3 $146 {[%emt 0:00:11]} ({Predecessor:} 13. exf5 Bxf5 14. Ne4 d5 15. Bg5 Nxg5 16. Nxg5 h6 {0-1 (34) Li Ying,P (2200)-Manik,M (2510) Mallorca 2004}) 13... f4 {[%emt 0:00:40]} 14. Bf2 {[%emt 0:00:02]} Rb8 {[%emt 0:02:21]} 15. b3 {[%emt 0:00:29]} Ng5 {[%emt 0:00:45]} 16. Kh1 {[%emt 0:00:34]} Ne6 {[%emt 0:02:29]} 17. Nd1 {[%emt 0:01:53]} Bf6 {[%emt 0:01:00]} 18. Ng4 {[%emt 0:01:22]} Bh4 {[%emt 0:00:29]} 19. c3 {[%emt 0:00:27]} Bxf2 {[%emt 0:00:21]} 20. Qxf2 {[%emt 0:00:39]} h5 {[%emt 0:05:18]} 21. Nh2 {[%emt 0:00:10]} Qa5 {[%emt 0:00:04]} 22. Rb1 {[%emt 0:02:12]} Ba6 {[%emt 0:01:51]} 23. Qd2 {[%emt 0:03:05]} Rfd8 {[%emt 0:02:58]} 24. Nf1 {[%emt 0:02:58]} c4 {[%emt 0:00:49]} 25. dxc4 {[%emt 0:00:57]} Bxc4 {[%emt 0:00:22]} 26. Qf2 {[%emt 0:01:40]} Nc5 {[%emt 0:02:39]} 27. b4 {[%emt 0:04:43]} Qa6 {[%emt 0:01:07]} 28. Nb2 {[%emt 0:01:22]} Bxa2 $2 {[%emt 0:01:15]} (28... Nd3 $15 {keeps the upper hand.} 29. Nxd3 Bxd3) 29. Rbd1 {[%emt 0:03:15]} Ne6 {[%emt 0:00:53]} 30. Ra1 {[%emt 0:00:07]} c5 {[%emt 0:00:16]} 31. Nd1 {[%emt 0:00:31]} cxb4 {[%emt 0:00:11]} 32. cxb4 {[%emt 0:00:22]} Rxb4 {[%emt 0:00:17]} 33. Qxa2 {[%emt 0:00:47]} Qxa2 {[%emt 0:00:05]} 34. Rxa2 {[%emt 0:00:02]} Rb1 {[%emt 0:00:05]} 35. Nd2 {[%emt 0:00:13]} Rc1 {[%emt 0:00:09]} 36. Nb3 {[%emt 0:00:16]} (36. Rxa7 $18 Nd4 37. Rf1) 36... Rb1 {[%emt 0:00:04]} 37. Nd2 {[%emt 0:00:25]} Rc1 {[%emt 0:00:02]} 38. Rf1 {[%emt 0:01:16]} Rb8 {[%emt 0:00:35]} 39. Nf2 {[%emt 0:00:18]} Rxf1+ {[%emt 0:00:32]} 40. Nxf1 {[%emt 0:00:02]} Rb1 {[%emt 0:00:04]} 41. Kg1 {[%emt 0:00:58]} Nd4 {[%emt 0:00:25]} 42. Rd2 {[%emt 0:00:30]} (42. Nd3 $18 {and White stays clearly on top.}) 42... a5 {[%emt 0:01:20]} (42... Ra1 $14) 43. Rd1 {[%emt 0:00:01]} Rxd1 {[%emt 0:00:18]} 44. Nxd1 {[%emt 0:00:02]} a4 {[%emt 0:00:04]} 45. Nc3 {[%emt 0:00:13]} a3 {[%emt 0:00:11]} 46. Kf2 {[%emt 0:00:35]} Nc2 {[%emt 0:00:14]} 47. Nd2 {[%emt 0:00:22]} Nb4 {[%emt 0:00:02]} 48. Nc4 {[%emt 0:01:08]} a2 {[%emt 0:00:22]} 49. Nxa2 $11 {[%emt 0:00:02]} Nxa2 {[%emt 0:00:03]} 50. Nxd6 {[%emt 0:00:02]} Kg7 {[%emt 0:00:10]} 51. g3 {[%emt 0:00:27]} fxg3+ {[%emt 0:00:15]} 52. Kxg3 {[%emt 0:00:02]} Nc3 {[%emt 0:00:03]} 53. Kh4 {[%emt 0:00:34]} Ne2 {[%emt 0:00:51]} 54. Ne8+ {[%emt 0:00:41]} Kh6 {[%emt 0:00:17]} 0-1

[Event "15th Deltalift Open 2018"]
[Site "Halmstad"]
[Date "2018.05.10"]
[Round "2"]
[White "Hakansson, Stefan"]
[Black "Silseth, Simon"]
[Result "1/2-1/2"]
[WhiteElo "2010"]
[BlackElo "2239"]
[Annotator "NA"]
[PlyCount "52"]
[EventDate "2018.??.??"]
[EventType "swiss"]
[EventCountry "SWE"]
[SourceTitle "playchess.com"]
[Source "ChessBase"]
[SourceQuality "1"]
[TimeControl "1800+12"]

1. d4 {[%emt 0:00:12]} Nf6 {[%emt 0:01:17]} 2. Bg5 {[%emt 0:00:20]} e6 {[%emt 0:00:25]} 3. e4 {[%emt 0:00:14]} h6 {[%emt 0:00:19]} 4. Bxf6 {[%emt 0:00:12]} Qxf6 {[%emt 0:00:14]} 5. c3 {[%emt 0:00:04]} b6 {[%emt 0:01:21]} 6. Qf3 {[%emt 0:04:31]} Qe7 {[%emt 0:00:58]} 7. Nd2 {[%emt 0:00:55]} Bb7 {[%emt 0:00:05]} 8. Bd3 {[%emt 0:00:25]} d6 {[%emt 0:00:26]} 9. Ne2 {[%emt 0:03:26]} Nd7 {[%emt 0:00:27]} 10. O-O {[%emt 0:04:05]} g6 {[%emt 0:00:05]} 11. Qg3 {[%emt 0:00:11]} Bg7 {[%emt 0:00:14]} 12. f4 {[%emt 0:00:05]} Nf6 {[%emt 0:00:11]} 13. e5 {[%emt 0:02:12]} Nd7 {[%emt 0:00:16]} 14. Be4 {[%emt 0:03:56]} Bxe4 15. Nxe4 {[%emt 0:00:02]} d5 {[%emt 0:01:59]} 16. Nd2 h5 {[%emt 0:01:10]} 17. Nf3 {[%emt 0:03:57]} Nb8 {[%emt 0:01:18]} 18. Ng5 {[%emt 0:01:07]} Nc6 {[%emt 0:00:18]} 19. Qd3 {[%emt 0:03:35]} Qd7 {[%emt 0:00:31]} 20. b4 {[%emt 0:01:01]} Ne7 {[%emt 0:00:12]} 21. a4 {[%emt 0:00:17]} a5 {[%emt 0:01:40]} 22. b5 {[%emt 0:00:14]} Nf5 {[%emt 0:00:19]} 23. Ng3 {[%emt 0:00:04]} Ne7 {[%emt 0:04:15]} 24. Rac1 {[%emt 0:01:53]} h4 {[%emt 0:01:26]} 25. Ne2 {[%emt 0:02:42]} c6 {[%emt 0:00:29]} 26. Rb1 {[%emt 0:00:13]} c5 {[%emt 0:00:48]} 1/2-1/2

[Event "15th Deltalift Open 2018"]
[Site "Halmstad"]
[Date "2018.05.10"]
[Round "2"]
[White "Bergre, Joachim"]
[Black "Linusson, Pelle"]
[Result "0-1"]
[WhiteElo "1990"]
[BlackElo "2211"]
[Annotator "ChessBase"]
[PlyCount "65"]
[EventDate "2018.??.??"]
[EventType "swiss"]
[EventCountry "SWE"]
[SourceTitle "playchess.com"]
[Source "ChessBase"]
[SourceQuality "1"]
[TimeControl "1800+12"]

1. Nf3 {[%emt 0:00:36]} g6 {[%emt 0:01:08]} 2. c4 {[%emt 0:01:34]} Bg7 {[%emt 0:00:30]} 3. g3 {[%emt 0:00:52]} c5 {[%emt 0:00:59]} 4. Nc3 {[%emt 0:01:01]} Nc6 {[%emt 0:00:10]} 5. Bg2 {[%emt 0:00:29]} d6 {[%emt 0:00:59]} 6. O-O {[%emt 0:00:56]} e5 {[%emt 0:00:39]} 7. e4 {[%emt 0:02:05]} Nge7 {[%emt 0:00:36]} 8. d3 {[%emt 0:00:30]} O-O {[%emt 0:00:43]} 9. a3 {[%emt 0:01:11]} Rb8 {[%emt 0:00:23]} 10. Rb1 {[%emt 0:03:11]} a5 {[%emt 0:00:32]} 11. Bd2 {[%emt 0:04:41]} h6 {[%emt 0:03:24]} 12. Ne1 {[%emt 0:00:34]} Be6 {[%emt 0:00:48]} 13. Nc2 {[%emt 0:00:29]} f5 {[%emt 0:03:37]} 14. Ne3 {[%emt 0:04:13]} f4 {[%emt 0:00:29]} 15. Ned5 {[%emt 0:00:10]} g5 {[%emt 0:00:20]} 16. f3 {[%emt 0:02:53]} Nd4 {[%emt 0:07:31]} 17. Nxe7+ {[%emt 0:01:47]} Qxe7 {[%emt 0:00:03]} 18. b4 {[%emt 0:00:11]} axb4 19. axb4 {[%emt 0:00:05]} fxg3 {[%emt 0:05:34]} 20. hxg3 {[%emt 0:00:14]} Rf7 {[%emt 0:00:06]} 21. Nd5 {[%emt 0:01:14]} Qd7 {[%emt 0:00:36]} 22. bxc5 {[%emt 0:00:50]} dxc5 {[%emt 0:01:46]} 23. Bc3 {[%emt 0:02:42]} Rbf8 {[%emt 0:01:10]} 24. Bxd4 {[%emt 0:02:20]} exd4 {[%emt 0:00:03]} 25. Rb6 {[%emt 0:00:23]} Bxd5 {[%emt 0:01:38]} 26. cxd5 {[%emt 0:00:24]} Qc7 {[%emt 0:00:03]} 27. Rb5 {[%emt 0:02:10]} Qxg3 {[%emt 0:00:07]} 28. Qe1 {[%emt 0:00:04]} Qd6 {[%emt 0:00:59]} 29. Qa5 {[%emt 0:00:38]} g4 {[%emt 0:00:41]} 30. f4 {[%emt 0:02:31]} Rxf4 {[%emt 0:00:03]} 31. Rxf4 {[%emt 0:00:05]} Qxf4 {[%emt 0:00:02]} 32. Rxb7 {[%emt 0:00:10]} Be5 {[%emt 0:00:16]} 33. Bf1 {[%emt 0:00:26]} 0-1

[Event "15th Deltalift Open 2018"]
[Site "Halmstad"]
[Date "2018.05.10"]
[Round "2"]
[White "Nystrom, Jonas"]
[Black "Madebrink, Lars"]
[Result "0-1"]
[WhiteElo "1965"]
[BlackElo "2192"]
[Annotator "NA"]
[PlyCount "48"]
[EventDate "2018.??.??"]
[EventType "swiss"]
[EventCountry "SWE"]
[SourceTitle "playchess.com"]
[Source "ChessBase"]
[SourceQuality "1"]
[TimeControl "1800+12"]

1. e4 {[%emt 0:00:02]} c5 {[%emt 0:00:07]} 2. Nf3 {[%emt 0:00:35]} d6 {[%emt 0:00:05]} 3. d4 {[%emt 0:00:18]} cxd4 {[%emt 0:00:10]} 4. Nxd4 {[%emt 0:00:20]} Nf6 {[%emt 0:00:05]} 5. Nc3 {[%emt 0:00:29]} Nc6 {[%emt 0:00:09]} 6. Bc4 {[%emt 0:06:57]} e6 {[%emt 0:00:11]} 7. Be3 {[%emt 0:02:27]} Be7 {[%emt 0:00:34]} 8. Qe2 {[%emt 0:00:23]} a6 {[%emt 0:00:12]} 9. f3 {[%emt 0:00:44]} h5 {[%emt 0:01:06]} 10. O-O-O {[%emt 0:01:17]} Qc7 {[%emt 0:00:29]} 11. Rhg1 {[%emt 0:04:50]} Ne5 {[%emt 0:00:20]} 12. Bb3 {[%emt 0:00:32]} b5 {[%emt 0:00:06]} 13. Bg5 {[%emt 0:04:34]} Bd7 {[%emt 0:00:28]} 14. f4 {[%emt 0:00:38]} Nc4 {[%emt 0:00:22]} 15. g4 {[%emt 0:08:32]} hxg4 {[%emt 0:00:29]} 16. Bxf6 {[%emt 0:00:43]} Bxf6 {[%emt 0:00:22]} 17. Rxg4 {[%emt 0:00:08]} Rc8 {[%emt 0:00:18]} 18. f5 {[%emt 0:03:30]} Qc5 {[%emt 0:01:36]} 19. fxe6 {[%emt 0:00:08]} fxe6 {[%emt 0:00:02]} 20. Nd5 {[%emt 0:02:48]} Bxd4 {[%emt 0:00:49]} 21. c3 {[%emt 0:00:43]} Be5 {[%emt 0:00:19]} 22. Qg2 {[%emt 0:00:29]} Rxh2 {[%emt 0:00:34]} 23. Qf3 {[%emt 0:00:20]} exd5 {[%emt 0:00:17]} 24. Rxd5 {[%emt 0:00:11]} Qe3+ {[%emt 0:00:14]} 0-1